000 00399nam a22001697a 4500
005 20160616124747.0
008 160616b xxu||||| |||| 00| 0 eng d
020 _a0-07-043504-9
041 _aeng
082 _b7983
100 _aSheth Jagdish and others
_92111
245 _aCustomer Relationship Management
260 _bTMH
_c2004
300 _a532
650 _aManagement
_9241
942 _cBK
999 _c2952
_d2951